00000000nam##2200000za#4500
0019.579823
003CaOODSP
00520210624190739
007cr |||||||||||
008150406|2001||||xxc|||||o    f|0| 0 eng|d
040 |aCaOODSP|beng
043 |an-cn---
0861 |aEn163-1/13E-PDF
1101 |aCanada. |bEnvironment Canada. |bOntario Region.
24510|aSoil remediation : |h[electronic resource]|blow temperature thermal desorption
260 |aDownsview - Ontario : |bEnvironment Canada.
300 |a4p.|bfig., references, table
4901 |aTABs on contaminated sites|vTAB #13
590 |a14-13-Supp|b2014-06-23
69007|aDecontamination|2gcpds
69007|aSoil pollution|2gcpds
77508|tAssainissement du sol : |w(CaOODSP)9.607074
830#0|aTABs on contaminated sites ;|vTAB #13|w(CaOODSP)9.507838
85640|ahttp://publications.gc.ca|qPDF|s89 KB|uhttps://publications.gc.ca/collections/collection_2014/ec/En163-1-13-eng.pdf|yTAB #13